000 00556nam a2200181Ia 4500
008 100920s9999 xx 000 0 und d
082 _b27818
_a--- थ 74
100 _aपगारे हरिभाऊ.
245 _aझुंझार.
260 _bसाहित्य प्रसार केंद्र, मुंबई.
_c1974
300 _a255
_bसाधी
365 _b15
520 _aकादंबरी.
630 _aझुंझार.
650 _aकादंबरी.
730 _aझुंझार.
942 _cBOOK
999 _c684446
_d684443